Vicente Huidobro: textos inéditos y dispersos

Guardat en:
Dades bibliogràfiques
Autor principal: Fuente A., José Alberto de la (Autor)
Format: Llibre
Idioma:espanyol
Publicat: Santiago Universidad Católica Silva Henríquez 2004
Edició:1a. ed
Col·lecció:Poesía y Prosa
Matèries:
Etiquetes: Afegir etiqueta
Sense etiquetes, Sigues el primer a etiquetar aquest registre!

MARC

LEADER 00000nam a2200000 a 4500
001 UCJ2212
003 CL-VaPUC
005 20230531074401.0
008 061201e20040000CL |||||||||||||||||spa|d
999 |c 318562  |d 318560 
020 |a 9562440176 
040 |c Pontificia Universidad Católica de Valparaíso 
082 0 4 |a Ch861.09  |b FUE  |2 21 
100 0 |a Fuente A., José Alberto de la  |e author  |9 503140 
245 1 0 |a Vicente Huidobro: textos inéditos y dispersos 
250 |a 1a. ed 
260 |a Santiago  |b Universidad Católica Silva Henríquez  |c 2004 
300 |a 255 p 
490 0 |a Poesía y Prosa 
583 |a last modification  |c 20061201 00:00:00  |k Rodrigo Vera 
600 0 |a García-Huidobro Fernández, Vicente,  |d 1893-1948  |9 858153 
650 0 |a Poesía chilena   |9 268403 
650 0 |a Literatura chilena   |9 308278 
650 0 |a Crítica e interpretación   |9 255042 
852 |a BIBCUR 
942 |c BK  |2 ddc 
945 |d 20061201 00:00:00  |a jtorresc 
952 |0 0  |1 0  |4 0  |6 CH_861_090000000000000_FUE_2004  |7 0  |8 A  |9 396413  |a FDOPOS  |b BIBEDU  |d 2019-11-22  |i 4302419  |l 1  |o Ch861.09 FUE 2004  |p 4302419  |r 2025-05-09  |s 2025-04-11  |w 2019-11-22  |y BK  |k MLH